2023 NFL awards - Statistics

General Stats
  • This quiz has been taken 36 times
  • The average score is 6 of 7
Answer Stats
Award Player % Correct
Opoy Christian McCaffrey
97%
Oroy CJ Stroud
97%
MVP Lamar Jackson
97%
Dpoy Myles Garrett
94%
Cpoty Joe Flacco
85%
Droy Will Anderson Jr.
82%
Coty Kevin Stefanski
64%
No matching quizzes found
Score Distribution
Percent of People with Each Score
Percentile by Number Answered
Your Score History
You have not taken this quiz